000 00736nam a2200229Ia 4500
003 OSt
005 20240517144939.0
008 210716s2017 xx 000 0 und d
020 _a9780008247652
040 _cAIMIT LIBRARY
041 _aeng
082 _a374.22
_21
_bNADS
100 _aNadella, Satya.
_9165899
245 _aHit refresh :
_bquest to rediscover microsoft soul and imagine a better future for everyone /
_cBy Satya Nadella.
250 _a1st ed.
260 _aNew Delhi
_bThomson Press India Ltd
_c2017
300 _axi,272p. ;
_bHB
_c24.3 cm
650 _aFrom Hyderabad to redmond
_9165900
650 _aLearning to lead
_9165901
650 _aFriends or frenemies
_9165902
942 _2ddc
_cBK
_e1st
_k374.22 NADS
999 _c210434
_d210434